000 00848nam a2200241Ii 4500
003 JO-AjNU
008 230605s9999||||xx |||||||||||||| ||und||
017 _a2020/9/3747
020 _a978-9957-94-564-0
040 _aJO-AjNU
_bara
_erda
_cJO-AjNU
041 _aara
050 1 4 _aPJ7542 2021
100 3 _aالقرالة، معين خليف,
_eauthor
_963617
245 0 0 _aالمراثي الشعبيه النسويه في الأردن
250 _aط1
264 3 1 _aعمان: وزارة الثقافه، 2021
300 _a137ص
336 _atext
_btxt
_2rdacontent
337 _aunmediated
_bn
_2rdamedia
338 _avolume
_bnc
_2rdacarrier
490 0 _aفكر ومعرفه 2021 من منشورات وزارة الثقافة/الاردن
650 4 _aالشعر الشعبي العربي-الاردن-شعر الرثاء
_963618
999 _aA28867
_c32435
_d32435